| 000 | 00355nam a2200145 i 4500 | ||
|---|---|---|---|
| 001 | bg | ||
| 100 | 1 | _aBOCK, Rudolf | |
| 245 | 0 |
_aAufschlussmethoden der anorganischen und organischen Chemie / _cRudolf Bock. |
|
| 260 |
_aWeinheim, _c1972. |
||
| 040 | _cBPK | ||
| 041 | _apol | ||
| 080 | _a54 | ||
| 942 | _cKS | ||
| 008 | s pl f |000 0 pol | ||
| 999 |
_c15226 _d15226 |
||
| 856 |
_uhttp://koha.tu.koszalin.pl/cgi-bin/koha/opac-detail.pl?biblionumber=15226 _yKatalog online BPK |
||